|
|
|
|
| LEADER |
01749nam a2200301 a 4500 |
| 001 |
GR-Antirio1103 |
| 008 |
150116s2000 xk g b 001 0 eng d |
| 020 |
|
|
|a 0201612445
|
| 040 |
|
|
|a GrPaTEI
|b gre
|c GR-PaULI
|
| 040 |
|
|
|a GrPaTEI
|b gre
|c GR-PaULI
|
| 044 |
|
|
|a gb
|
| 082 |
|
0 |
|a 519.7
|2 22
|
| 100 |
1 |
|
|a Baase, Sara
|
| 245 |
1 |
0 |
|a Computer algorithms :
|b indroduction to design amd analysis /
|c Sara Baase, Allen Van Gelgen.
|
| 250 |
|
|
|a 3rd ed.
|
| 260 |
|
|
|a Mssachusetts :
|b Addison-Wesley,
|c 2000
|
| 300 |
|
|
|a xix, 688 σ. :
|b εικ.
|
| 504 |
|
|
|a Περιλαμβάνει βιβλιογραφίες και ευρετήριο.
|
| 650 |
|
0 |
|a Computer algorithms
|
| 650 |
|
4 |
|a Αλγόριθμοι υπολογιστών
|
| 700 |
1 |
|
|a Van Gelder, Allan
|
| 942 |
|
|
|2 ddc
|
| 952 |
|
|
|0 0
|1 0
|2 ddc
|4 0
|6 519_700000000000000_BAA
|7 0
|9 262948
|a LISK-2
|b LISK-2
|c BSC
|d 2021-01-17
|e 24
|f 0
|g 0.00
|l 0
|o 519.7 BAA
|p 2430000008841
|r 2021-01-17 00:00:00
|t 1
|w 2021-01-17
|y BK15
|x 20150116 0 ΧΑΣΑΝΗ 1
|x GrPaTEI - Antirrio
|
| 952 |
|
|
|0 0
|1 0
|2 ddc
|4 0
|6 519_700000000000000_BAA
|7 0
|9 262949
|a LISK-2
|b LISK-2
|c BSC
|d 2021-01-17
|e 24
|f 0
|g 0.00
|l 0
|o 519.7 BAA
|p 2430000008842
|r 2021-01-17 00:00:00
|t 1
|w 2021-01-17
|y BK15
|x 20150116 0 ΧΑΣΑΝΗ 1
|x GrPaTEI - Antirrio
|
| 952 |
|
|
|0 0
|1 0
|2 ddc
|4 0
|6 519_700000000000000_BAA
|7 0
|9 262950
|a LISK-2
|b LISK-2
|c BSC
|d 2021-01-17
|e 24
|f 0
|g 0.00
|l 0
|o 519.7 BAA
|p 2430000008843
|r 2021-01-17 00:00:00
|t 1
|w 2021-01-17
|y BK15
|x 20150116 0 ΧΑΣΑΝΗ 1
|x GrPaTEI - Antirrio
|
| 952 |
|
|
|0 0
|1 0
|2 ddc
|4 0
|6 519_700000000000000_BAA
|7 0
|9 262951
|a LISK-2
|b LISK-2
|c BSC
|d 2021-01-17
|e 24
|f 0
|g 0.00
|l 0
|o 519.7 BAA
|p 2430000008844
|r 2021-01-17 00:00:00
|t 1
|w 2021-01-17
|y BK15
|x 20150116 0 ΧΑΣΑΝΗ 1
|x GrPaTEI - Antirrio
|
| 971 |
|
|
|a .b25709021
|b 15-04-20
|c 12-09-16
|
| 999 |
|
|
|c 151442
|d 151442
|